Reforming and privatizing Poland's road freight industry / (Record no. 543082)
[ view plain ]
| 000 -LEADER | |
|---|---|
| fixed length control field | 00910cam a2200229 a 4500 |
| 082 00 - DEWEY DECIMAL CLASSIFICATION NUMBER | |
| Classification number | 388.044 |
| Author Mark | BEN |
| -- | D |
| 100 1# - MAIN ENTRY--PERSONAL NAME | |
| Personal name | Bennathan, Esra. |
| 9 (RLIN) | 19564 |
| 245 10 - TITLE STATEMENT | |
| Title | Reforming and privatizing Poland's road freight industry / |
| Statement of responsibility, etc. | Esra Bennathan, Jeffrey Gutman, and Louis Thompson. |
| 260 ## - PUBLICATION, DISTRIBUTION, ETC. | |
| Place of publication, distribution, etc. | Washington, DC (1818 H St., NW, Washington 20433) : |
| Name of publisher, distributor, etc. | Infrastructure and Urban Development Dept., World Bank, |
| Date of publication, distribution, etc. | [1991] |
| 300 ## - PHYSICAL DESCRIPTION | |
| Extent | ix, 41 p. : |
| Other physical details | ill. ; |
| Dimensions | 28 cm. |
| 500 ## - GENERAL NOTE | |
| General note | "A product of the Transport Division, Infrastucture and Urban Development Department"--T.p. verso. |
| 500 ## - GENERAL NOTE | |
| General note | "August 1991." |
| 500 ## - GENERAL NOTE | |
| General note | Cover title. |
| 526 ## - STUDY PROGRAM INFORMATION NOTE | |
| Program name | 0 |
| Interest level | 0 |
| Reading level | 0 |
| Title point value | 388_044000000000000_BEN |
| 650 #0 - SUBJECT ADDED ENTRY--TOPICAL TERM | |
| Topical term or geographic name entry element | MCE |
| 9 (RLIN) | 379 |
| 650 #0 - SUBJECT ADDED ENTRY--TOPICAL TERM | |
| Topical term or geographic name entry element | Privatization |
| Geographic subdivision | Poland. |
| 9 (RLIN) | 38433 |
| 650 #0 - SUBJECT ADDED ENTRY--TOPICAL TERM | |
| Topical term or geographic name entry element | Trucking |
| Geographic subdivision | Poland. |
| 9 (RLIN) | 38434 |
| 700 1# - ADDED ENTRY--PERSONAL NAME | |
| Personal name | Gutman, Jeffrey. |
| 9 (RLIN) | 38435 |
| 700 1# - ADDED ENTRY--PERSONAL NAME | |
| Personal name | Thompson, Louis S. |
| 9 (RLIN) | 38436 |
| 710 2# - ADDED ENTRY--CORPORATE NAME | |
| Corporate name or jurisdiction name as entry element | World Bank. |
| 9 (RLIN) | 4999 |
| 942 ## - ADDED ENTRY ELEMENTS (KOHA) | |
| Source of classification or shelving scheme | |
| Koha item type | Book |
| Withdrawn status | Lost status | Source of classification or shelving scheme | Damaged status | Not for loan | Permanent Location | Current Location | Date acquired | Total Checkouts | Full call number | Barcode | Date last seen | Price effective from | Koha item type |
|---|---|---|---|---|---|---|---|---|---|---|---|---|---|
| Military College of Engineering (MCE) | Military College of Engineering (MCE) | 03/05/2014 | 388.044 BEN | MCE-42533A | 03/05/2014 | 03/05/2014 | Book |
